| 000 | 01047nam a22003017a 4500 | ||
|---|---|---|---|
| 001 | 7719 | ||
| 003 | FISKH | ||
| 005 | 20250827131045.0 | ||
| 008 | 250801b cb ||||| |||| 00| 0 eng d | ||
| 020 | _a9781595155535 | ||
| 040 |
_aFISKH _beng _cFISKH _dFISKH |
||
| 050 | _a TJ163 .W49 | ||
| 082 | _a 531.6 | ||
| 100 | _aWhitehouse, Patty | ||
| 245 |
_aEnergy everywhere : _bContruction forces / _cPatty Whitehouse |
||
| 250 | _aThis edition first published in 2007 | ||
| 260 |
_aNorth Mankato : _bRourke, _c2007 |
||
| 300 |
_a24 pages : _bcolor illustrations ; _c21 cm |
||
| 505 | _aG | ||
| 520 | _aPhotographs and simple text describe how energy is used at construction sites including how it moves machines, how workers use various tools, and the energy it takes to make trucks go. | ||
| 521 | 8 |
_a350
_bLexile |
|
| 521 | 8 |
_aG
_bRaz-Plus |
|
| 650 |
_2Energy consumption _a Building sites |
||
| 650 |
_2Power Resources _aInterstate round 1 |
||
| 700 |
_aStratford, Nicolas _dillustrator |
||
| 942 |
_2ddc _cBK _n0 |
||
| 999 |
_c7719 _d7719 |
||